000 00496nam a2200181Ia 4500
001 15634
005 20260306170210.0
008 260306t2009||||xx |||||||||||||| ||und||
041 _aESP
082 _a553.285
_bZ58
100 _aZegarra Pinto, José
_eAUT
245 0 _aConversión de vehículos a gas licuado de petróleo y limpieza de aire en el centro de Trujillo
260 _c2009
300 _a156 páginas :
_c21 cm.
650 _aGEN
654 _aCCN
942 _cLIB
_dJUS
_fJUS
_2ddc
_n
999 _c15634
_d15634